Thermodynamics : An Engineering Approach (Record no. 4234)

MARC details
005 - DATE AND TIME OF LATEST TRANSACTION
control field 20250623124033.0
020 ## - INTERNATIONAL STANDARD BOOK NUMBER
International Standard Book Number 0-07-010356-9
082 ## - DEWEY DECIMAL CLASSIFICATION NUMBER
Classification number LM 621.402 CEN
100 ## - MAIN ENTRY--PERSONAL NAME
Author name CENGEL, Y. A.
245 ## - TITLE STATEMENT
Title Thermodynamics : An Engineering Approach
260 ## - PUBLICATION, DISTRIBUTION, ETC.
Place of publication, distribution, etc. New York,
Name of publisher, distributor, etc. Mcgraw-hill, Inc,
Date of publication, distribution, etc. 1989.
300 ## - PHYSICAL DESCRIPTION
Extent xxiv, 867p.: Ill.; figures & table.
Other physical details Index
Dimensions 25cm.
700 ## - ADDED ENTRY--PERSONAL NAME
Other authors/Editors BOLES, M. A.
942 ## - ADDED ENTRY ELEMENTS (KOHA)
Source of classification or shelving scheme Dewey Decimal Classification
Koha item type Books
Holdings
Date last seen Total checkouts Full call number Barcode Cost, replacement price Price effective from Koha item type Lost status Source of classification or shelving scheme Damaged status Not for loan Withdrawn status Home library Current library Shelving location Date acquired Cost, normal purchase price
06/17/2025   LM 621.402 CEN 00000013135 60000.00 06/17/2025 Books   Dewey Decimal Classification       College of Business Education Main Library College of Business Education Main Library General Collection 08/16/2000 20000.00
06/17/2025   LM 621.402 CEN 00000013136 60000.00 06/17/2025 Books   Dewey Decimal Classification       College of Business Education Main Library College of Business Education Main Library General Collection 08/16/2000 20000.00